Anatomy Structures of the Heart - Statistics

General Stats
  • This quiz has been taken 1,261 times
  • The average score is 8 of 19
Answers on the Grid
Answers color-coded by a green-red scale on the quiz's grid according to % correct below.
Purkinje fibres
SA node
DV node
aorta
AV node
spectral
atrial valve
septum
tricuspid valve
luna valve
seminal valve
AF node
atrium
ventricle
vena cava
traceculea cane
cavotricuspid isthmus
coronary medial
apex
leaflet
arteries
veins
pericardium
chordae tendineae
atrioventricular septa
ventricular certio
 
Answer Stats
Answer % Correct
atrium
66%
aorta
65%
ventricle
65%
vena cava
60%
atrial valve
56%
tricuspid valve
56%
arteries
55%
pericardium
50%
veins
50%
AV node
47%
SA node
43%
septum
41%
Purkinje fibres
36%
apex
34%
atrioventricular septa
32%
chordae tendineae
32%
leaflet
11%
cavotricuspid isthmus
10%
traceculea cane
8%
No matching quizzes found
Score Distribution
Percent of People with Each Score
Percentile by Number Answered
Your Score History
You have not taken this quiz